Statistics for Elements Containing "Tin"

Click here to take the quiz!

General Stats

  • This quiz has been taken 11 times
  • The average score is 3 of 5

Answer Stats

#Element% Correct
50Tin
100%
85Astatine
67%
89Actinium
56%
78Platinum
56%
91Protactinium
56%

Score Distribution

Percentile by Number Answered

Percent of People with Each Score

Your Score History

You have not taken this quiz